| 000 -LEADER |
| fixed length control field |
00410pab a2200157 454500 |
| 008 - FIXED-LENGTH DATA ELEMENTS--GENERAL INFORMATION |
| fixed length control field |
180718b1997 xxu||||| |||| 00| 0 eng d |
| 100 ## - MAIN ENTRY--PERSONAL NAME |
| Personal name |
Rakesh Basant |
| 245 ## - TITLE STATEMENT |
| Title |
Linking telecom technologies: complementarities, capabilities, and policies |
| 260 ## - PUBLICATION, DISTRIBUTION, ETC. |
| Date of publication, distribution, etc. |
1997 |
| 300 ## - PHYSICAL DESCRIPTION |
| Extent |
p.39-54 |
| 362 ## - DATES OF PUBLICATION AND/OR SEQUENTIAL DESIGNATION |
| Dates of publication and/or sequential designation |
Jul-Sep |
| 650 ## - SUBJECT ADDED ENTRY--TOPICAL TERM |
| Topical term or geographic name entry element |
Telecommunications |
| 700 ## - ADDED ENTRY--PERSONAL NAME |
| Personal name |
Pankaj Chandra |
| 773 ## - HOST ITEM ENTRY |
| Main entry heading |
Vikalpa |
| 909 ## - |
| -- |
35545 |